000 00570nam a2200157Ia 4500
008 230907s9999||||xx |||||||||||||| ||und||
082 _a697.9395491
_bMAH
100 _aHafiza Mahreen Fatima ((00000119895)
_9116345
245 0 _aDesign of a combined solar thermal water and space heating system for a commercial building in climatic conditions of Islamabad, Pakistan /
260 _aUSPCAS-E, NUST,
_bIslamabad :
_c2017
300 _a65 p. :
520 _aTH-66
650 _aMS-TEE Thesis MS Thesis
_9116346
700 _aDr Muhammad Bilal Sajid
942 _cTHE
_2ddc
999 _c601745
_d601745